000 01441nkm a22002897a 4500
001 86386
005 20260616081847.0
007 kh bo
008 260611s1890 sp ||||| |||| |0| i|spa d
040 _aM-RABA
_bspa
_cM-RABA
100 1 _aHauser y Menet
_917939
245 1 1 _aD. José Piquer
_b: Retrato al óleo por D. Vicente López. Real Academia de Bellas Artes de San Fernando.
_c/ Hauser y Menet
_h[Material gráfico]
260 _aMadrid
_b: Hauser y Menet
_c, [ca. 1890]
300 _a1 fotografía
_b: fototipia
_c; 27,5 x 19 cm
500 0 0 _aFotografía del retrato pictórico de D. José Piquer realizado por D. Vicente López, con el título impreso. Actualmente conservado en el Museo de la Real Academia de Bellas Artes de San Fernando, nº de inventario: 0737.
500 0 0 _aImpreso a pie de foto: "Fototipia de Hauser y Menet. Madrid".
500 0 0 _aFecha tomada del periodo de actividad de Hauser y Menet.
600 1 7 _aLópez, Vicente (
_d1772-1850)
_919128
600 1 7 _aPiquer, José
_970393
610 2 4 _aReal Academia de Bellas Artes de San Fernando.
_975832
650 0 _aRetratos-
_vFotografías
_9110397
655 7 _aFotografías de obras de arte
_975675
710 2 _aHauser y Menet (Madrid)
_950978
852 _jFot-2005
856 _uhttps://archivoybiblioteca.realacademiabellasartessanfernando.com/cgi-bin/koha/opac-retrieve-file.pl?id=f878deaf66c4f7d25f13b1fcb15403e8
_yFot-2005
942 _cFOTOGRAFÍA
_n0
999 _c86386
_d86386